00816nam a2200181 a 450000100100000000500170001000800410002704000250006808200150009310000360010824500460014426000440019030000210023404900090025595201750026495201780043999900170061700001747120200929165126.0100325s1939 dr 000 0 spa d aDO-SdBNPbspacBNPHU axxxbH519u1 aHenriquez Castillo, Luis91963214aUna carcajada /cLuis Henriquez Castillo. a[Santo Domingo] :bLa opinión,c1939. a201 p. ;c20 cm. aBNPD 001050718RVaPDbPDcHDd2010-03-25iLF1l0oxxx H519up17471-10r2020-06-25w2020-06-25y1zPerteneció a la biblioteca personal de Julio Ortega Frier.ZNo se presta 001050718RVaPDbPDcCTd2011-08-08iLF1l0oxxx H519up17471-20r2020-06-25te. 2w2020-06-25y1zPerteneció a la biblioteca personal de Martínez Boog.ZNo se presta c16996d16996